[Event "Djerba op-A"]
[Site "Djerba"]
[Date "2025.02.17"]
[Round "2"]
[White "Debray, Christopher"]
[Black "Achour, Mohamed Anis"]
[Result "0-1"]
[WhiteElo "2320"]
[BlackElo "2066"]
[PlyCount "86"]
[EventDate "2025.02.16"]
[EventType "swiss"]
[EventRounds "9"]
[EventCountry "TUN"]
[SourceTitle "CB09_2025"]
[SourceDate "2025.02.27"]
[SourceVersion "1"]
[SourceVersionDate "2025.02.27"]
[SourceQuality "1"]

1. d4 d5 2. Nf3 Nf6 3. Bf4 e6 4. e3 c5 5. c3 Nc6 6. Nbd2 Bd6 7. Bg3 0-0 8. Bb5 cxd4 9. exd4 Qc7 10. Bxd6 Qxd6 11. 0-0 a6 12. Bxc6 bxc6 13. b4 a5 14. a3 Nd7 15. Re1 Nb6 16. Nb3 axb4 17. axb4 Ba6 18. Na5 Bb5 19. Qc2 Nc4 20. Nxc4 Bxc4 21. Nd2 Bb5 22. Ra2 Rfb8 23. Rea1 Qd8 24. g3 h6 25. Kg2 Rxa2 26. Qxa2 Qf6 27. Qa7 Rf8 28. Qc7 Qf5 29. Qe5 Qc2 30. Qe3 Qb2 31. Ra7 Qc1 32. h3 Qc2 33. Nf3 Bd3 34. Kh2 Be4 35. Nd2 f5 36. Qf4 Qd1 37. f3 Qe2+ 38. Kg1 Qe1+ 39. Kg2 e5 40. Rxg7+ Kxg7 41. Qxe5+ Rf6 42. Qe7+ Rf7 43. Qe5+ Kh7 0-1

[Event "Titled Tuesday intern op 20th Feb Early"]
[Site "Chess.com INT"]
[Date "2024.02.20"]
[Round "6"]
[White "Debray, Christopher"]
[Black "Ozates, Tuna"]
[Result "0-1"]
[WhiteElo "2303"]
[BlackElo "2290"]
[PlyCount "64"]
[EventDate "2024.02.20"]
[EventType "swiss (blitz)"]
[EventRounds "11"]
[EventCountry "USA"]
[SourceTitle "EXT 2025"]
[Source "ChessBase"]
[SourceDate "2024.10.14"]
[SourceVersion "1"]
[SourceVersionDate "2024.10.14"]
[SourceQuality "1"]

1. d4 Nf6 2. c4 e6 3. g4 d5 4. g5 Ne4 5. Bg2 Bb4+ 6. Kf1 0-0 7. h4 f5 8. c5 c6 9. Rh3 e5 10. f3 exd4 11. Qa4 a5 12. a3 d3 13. axb4 dxe2+ 14. Nxe2 f4 15. fxe4 Bxh3 16. Bxh3 f3 17. Nf4 dxe4 18. Qb3+ Kh8 19. Ne6 Qc8 20. Nc3 Na6 21. Nxe4 Nxb4 22. Nd6 Qd7 23. h5 Nd5 24. h6 gxh6 25. Qc4 hxg5 26. Bxg5 Rg8 27. Qd4+ Rg7 28. Bf6 Nxf6 29. Qxf6 Rag8 30. Kf2 Qe7 31. Qc3 Qh4+ 32. Ke3 Qh6+ 0-1

[Event "Titled Tuesday intern op 20th Feb Early"]
[Site "Chess.com INT"]
[Date "2024.02.20"]
[Round "5"]
[White "Zallio, Luciano de Souza"]
[Black "Debray, Christopher"]
[Result "0-1"]
[WhiteElo "2086"]
[BlackElo "2303"]
[PlyCount "62"]
[EventDate "2024.02.20"]
[EventType "swiss (blitz)"]
[EventRounds "11"]
[EventCountry "USA"]
[SourceTitle "EXT 2025"]
[Source "ChessBase"]
[SourceDate "2024.10.14"]
[SourceVersion "1"]
[SourceVersionDate "2024.10.14"]
[SourceQuality "1"]

1. d4 d5 2. Nf3 Nf6 3. e3 e6 4. Be2 c5 5. 0-0 Nc6 6. b3 cxd4 7. Nxd4 Nxd4 8. Qxd4 Bd6 9. Bb2 0-0 10. c4 e5 11. Qd3 dxc4 12. Qxc4 Be6 13. Qh4 Qb6 14. Nc3 Rfd8 15. Rfd1 Rac8 16. Rac1 Bf5 17. e4 Be6 18. Nb5 Bb8 19. Rxc8 Rxc8 20. Kf1 a6 21. Nc3 Ba7 22. Na4 Qa5 23. Bc3 Qc7 24. Bb4 b5 25. Nb2 Bd4 26. Nd3 Qc2 27. a4 Qxb3 28. axb5 axb5 29. Bd6 Bc4 30. Qg3 Nxe4 31. Qh3 Nxd6 0-1

[Event "Pays d'Aix rapid op"]
[Site "Aix en Provence"]
[Date "2023.07.03"]
[Round "8"]
[White "Bellahcene, Bilel"]
[Black "Debray, Christopher"]
[Result "1-0"]
[WhiteElo "2537"]
[BlackElo "2401"]
[PlyCount "117"]
[EventDate "2023.06.18"]
[EventType "swiss (rapid)"]
[EventRounds "9"]
[EventCountry "FRA"]
[SourceTitle "EXT 2025"]
[Source "ChessBase"]
[SourceDate "2024.10.14"]
[SourceVersion "1"]
[SourceVersionDate "2024.10.14"]
[SourceQuality "1"]

1. e4 c6 2. d4 d5 3. e5 c5 4. Nf3 e6 5. c3 Nc6 6. Bd3 Qb6 7. 0-0 cxd4 8. a3 Bd7 9. b4 dxc3 10. Nxc3 Nge7 11. Be3 d4 12. Na4 Qd8 13. Nc5 Nd5 14. Bg5 f6 15. exf6 gxf6 16. Nxd7 Qxd7 17. Bd2 Bd6 18. Re1 Ne5 19. Bf1 Nc3 20. Nxe5 Bxe5 21. Qg4 0-0-0 22. f4 f5 23. Qf3 Bc7 24. Bc4 Ne4 25. Rxe4 fxe4 26. Qxe4 Kb8 27. Bxe6 Qd6 28. g3 d3 29. f5 h5 30. Rc1 h4 31. Kg2 hxg3 32. h3 Qe5 33. Qxe5 Bxe5 34. Re1 Bf6 35. Re4 Ka8 36. Kxg3 Rh7 37. Rc4 Be5+ 38. Kg4 Rdh8 39. Rc5 Bf6 40. Bg5 Bxg5 41. Kxg5 Rxh3 42. Rd5 a6 43. Rd7 R8h7 44. Rd8+ Ka7 45. f6 Rg3+ 46. Kf4 Rg1 47. Rxd3 Rf1+ 48. Kg5 Rg1+ 49. Kf5 Rh5+ 50. Ke4 Rh6 51. Rf3 Rgg6 52. Ke5 Rh5+ 53. Rf5 Rxf5+ 54. Bxf5 Rg8 55. f7 Rf8 56. Ke6 a5 57. b5 a4 58. Bc2 Kb6 59. Bxa4 1-0

[Event "Titled Tuesday intern op 23rd May Late"]
[Site "Chess.com INT"]
[Date "2023.05.23"]
[Round "5"]
[White "Gurevich, Dmitry"]
[Black "Debray, Christopher"]
[Result "1-0"]
[WhiteElo "2393"]
[BlackElo "2322"]
[PlyCount "93"]
[EventDate "2023.05.23"]
[EventType "swiss (blitz)"]
[EventRounds "11"]
[EventCountry "USA"]
[SourceTitle "EXT 2024"]
[Source "ChessBase"]
[SourceDate "2023.10.10"]
[SourceVersion "1"]
[SourceVersionDate "2023.10.10"]
[SourceQuality "1"]

1. d4 g6 2. c4 Bg7 3. e4 d6 4. Nc3 e5 5. d5 h5 6. Be2 a5 7. Be3 Bh6 8. Qd2 Na6 9. Nf3 f6 10. 0-0 Kf7 11. h3 Nc5 12. Rab1 Kg7 13. b3 f5 14. Bg5 Bxg5 15. Qxg5 Qxg5 16. Nxg5 h4 17. f4 exf4 18. Rxf4 Nf6 19. exf5 Bxf5 20. Rbf1 Rae8 21. Bg4 Nd3 22. Rxf5 gxf5 23. Bxf5 Nc5 24. Na4 Nxa4 25. bxa4 Re2 26. Ne6+ Kf7 27. Nxc7 Rxa2 28. Nb5 Rd8 29. Be6+ Kg7 30. c5 dxc5 31. d6 Ne4 32. Rf7+ Kg6 33. Bxa2 Nxd6 34. Nxd6 Rxd6 35. Rxb7 Rd1+ 36. Kh2 Rd4 37. Bb3 Rb4 38. Rxb4 cxb4 39. g3 hxg3+ 40. Kxg3 Kg5 41. Kf3 Kh4 42. Ke4 Kxh3 43. Kd4 Kg4 44. Kc5 Kf5 45. Kb5 Ke5 46. Kxa5 Kd6 47. Kb6 1-0

[Event "Titled Tuesday intern op 02nd May Late"]
[Site "Chess.com INT"]
[Date "2023.05.02"]
[Round "2"]
[White "Bachmann, Axel"]
[Black "Debray, Christopher"]
[Result "1-0"]
[WhiteElo "2604"]
[BlackElo "2322"]
[PlyCount "65"]
[EventDate "2023.05.02"]
[EventType "swiss (blitz)"]
[EventRounds "11"]
[EventCountry "USA"]
[SourceTitle "EXT 2024"]
[Source "ChessBase"]
[SourceDate "2023.10.10"]
[SourceVersion "1"]
[SourceVersionDate "2023.10.10"]
[SourceQuality "1"]

1. Nf3 d5 2. c4 e6 3. e3 Nf6 4. b3 Nbd7 5. Bb2 Be7 6. Nc3 0-0 7. Rc1 c6 8. Rg1 e5 9. g4 e4 10. g5 exf3 11. gxf6 Bxf6 12. cxd5 Ne5 13. d4 Ng4 14. Bd3 Bh4 15. Rxg4 Bxg4 16. dxc6 bxc6 17. Ne4 Qa5+ 18. Kf1 Bh3+ 19. Kg1 Qh5 20. Rc5 Qh6 21. Qxf3 Be7 22. Rh5 Qg6+ 23. Ng3 Qxd3 24. Rxh3 Qb1+ 25. Kg2 Qxb2 26. Qe4 g6 27. Qxe7 Rae8 28. Qh4 h5 29. Nxh5 Rxe3 30. Nf6+ Kg7 31. Ng4 Rg3+ 32. hxg3 Qxd4 33. Qh7# 1-0

[Event "Titled Tuesday intern op 02nd May Late"]
[Site "Chess.com INT"]
[Date "2023.05.02"]
[Round "11"]
[White "Fuentes Godoy, Lilia Ivonne"]
[Black "Debray, Christopher"]
[Result "1/2-1/2"]
[WhiteElo "2196"]
[BlackElo "2322"]
[PlyCount "120"]
[EventDate "2023.05.02"]
[EventType "swiss (blitz)"]
[EventRounds "11"]
[EventCountry "USA"]
[SourceTitle "EXT 2024"]
[Source "ChessBase"]
[SourceDate "2023.10.10"]
[SourceVersion "1"]
[SourceVersionDate "2023.10.10"]
[SourceQuality "1"]

1. d4 d5 2. c4 e6 3. Nf3 Nf6 4. g3 c6 5. Bg2 Nbd7 6. Qc2 Bb4+ 7. Bd2 Bxd2+ 8. Nbxd2 0-0 9. 0-0 Qe7 10. e4 dxe4 11. Nxe4 Nxe4 12. Qxe4 Qb4 13. b3 Nf6 14. Qc2 b5 15. Ne5 bxc4 16. bxc4 Ba6 17. Rfc1 Qd6 18. Nxc6 Rac8 19. c5 Qd7 20. Nb4 Bb5 21. a4 Qxd4 22. axb5 Qxb4 23. Rab1 Qd4 24. c6 Nd5 25. Rd1 Qb6 26. Bxd5 exd5 27. Rxd5 a6 28. Qc5 Qxc5 29. Rxc5 axb5 30. Rbxb5 Rc7 31. Rb7 Rfc8 32. Rxc7 Rxc7 33. Kf1 Kf8 34. Ke2 Ke7 35. Kd3 Kd6 36. Kd4 Rxc6 37. Rxc6+ Kxc6 38. Ke5 Kd7 39. f4 Ke7 40. f5 Kd7 41. Kd5 Ke7 42. Ke5 Kd7 43. g4 Ke7 44. g5 f6+ 45. gxf6+ gxf6+ 46. Kd5 Kd7 47. h3 h6 48. Ke4 Kc6 49. Kf4 Kd5 50. Kg4 Ke5 51. h4 Ke4 52. Kh5 Kxf5 53. Kxh6 Kg4 54. h5 f5 55. Kg6 f4 56. h6 f3 57. h7 f2 58. h8Q f1Q 59. Qd4+ Qf4 60. Qxf4+ Kxf4 1/2-1/2

[Event "Titled Tuesday intern op 25th Apr Late"]
[Site "Chess.com INT"]
[Date "2023.04.25"]
[Round "1"]
[White "Debray, Christopher"]
[Black "Terry, Renato"]
[Result "0-1"]
[WhiteElo "2323"]
[BlackElo "2520"]
[PlyCount "120"]
[EventDate "2023.04.25"]
[EventType "swiss (blitz)"]
[EventRounds "11"]
[EventCountry "USA"]
[SourceTitle "EXT 2024"]
[Source "ChessBase"]
[SourceDate "2023.10.10"]
[SourceVersion "1"]
[SourceVersionDate "2023.10.10"]
[SourceQuality "1"]

1. d4 e6 2. Bf4 Nf6 3. e3 b6 4. Qf3 Nc6 5. c3 Bb7 6. Nd2 a6 7. e4 d6 8. Bd3 e5 9. Be3 d5 10. Ne2 Be7 11. 0-0 0-0 12. Ng3 exd4 13. cxd4 dxe4 14. Ndxe4 Na5 15. Nf5 Nxe4 16. Bxe4 Bxe4 17. Qxe4 Bf6 18. Rac1 Qd7 19. b4 Nb7 20. Nh6+ gxh6 21. Qxb7 Rfc8 22. Bxh6 Rab8 23. Qf3 Bg7 24. Qg3 f5 25. Rfe1 c6 26. Rxc6 Rxc6 27. Qxb8+ Rc8 28. Qg3 Kh8 29. Bxg7+ Qxg7 30. Qxg7+ Kxg7 31. Rd1 Kf6 32. h3 Rc2 33. a4 Rc4 34. a5 b5 35. d5 Ke7 36. d6+ Kd7 37. Kh2 Rxb4 38. Rd5 Ra4 39. Rxf5 b4 40. Rf7+ Kxd6 41. Rxh7 Rxa5 42. Rh6+ Kc5 43. Rh8 b3 44. Rb8 Rb5 45. Rc8+ Kd4 46. Rc1 b2 47. Rb1 a5 48. h4 a4 49. g4 a3 50. h5 a2 51. Rxb2 Rxb2 52. h6 a1Q 53. Kg3 Qg1+ 54. Kf4 Rxf2+ 55. Kg5 Qc1+ 56. Kg6 Qc2+ 57. Kg7 Qc7+ 58. Kg8 Qf7+ 59. Kh8 Re2 60. h7 Re8# 0-1

[Event "Titled Tuesday intern op 25th Apr Late"]
[Site "Chess.com INT"]
[Date "2023.04.25"]
[Round "3"]
[White "Prieto Aranguren, Alain"]
[Black "Debray, Christopher"]
[Result "1-0"]
[WhiteElo "2280"]
[BlackElo "2323"]
[PlyCount "99"]
[EventDate "2023.04.25"]
[EventType "swiss (blitz)"]
[EventRounds "11"]
[EventCountry "USA"]
[SourceTitle "EXT 2024"]
[Source "ChessBase"]
[SourceDate "2023.10.10"]
[SourceVersion "1"]
[SourceVersionDate "2023.10.10"]
[SourceQuality "1"]

1. d4 d5 2. c4 dxc4 3. e3 Nf6 4. Bxc4 a6 5. Nf3 b5 6. Be2 Bb7 7. 0-0 Nbd7 8. Nbd2 e6 9. b3 c5 10. dxc5 Bxc5 11. Bb2 0-0 12. Rc1 Qe7 13. Nd4 Rac8 14. Bf3 Bxf3 15. N2xf3 g6 16. b4 Bb6 17. Nc6 Qe8 18. Nfe5 Nxe5 19. Nxe5 Nd5 20. Ng4 h5 21. Nf6+ Nxf6 22. Bxf6 Bd8 23. Rxc8 Bxf6 24. Rxe8 Rxe8 25. Qd7 Rd8 26. Qc6 Be5 27. Qxa6 Rd5 28. g3 Kg7 29. Kg2 Bf6 30. h4 Rd2 31. a4 bxa4 32. Qxa4 Rb2 33. b5 Bd8 34. Qd4+ Bf6 35. Qxb2 Bxb2 36. Rb1 Be5 37. b6 Bb8 38. b7 Kf6 39. Rc1 Ke7 40. Rc8 Bc7 41. Rxc7+ Kf6 42. b8Q Ke5 43. Qb5+ Kf6 44. Qb2+ e5 45. Qb6+ Kf5 46. e4+ Kxe4 47. Rc4+ Kd3 48. Qb3+ Ke2 49. Rc2+ Kd1 50. Qb1# 1-0

[Event "Titled Tuesday intern op 19th Jul Late"]
[Site "Chess.com INT"]
[Date "2022.07.19"]
[Round "4"]
[White "Bach, Matthias"]
[Black "Debray, Christopher"]
[Result "1-0"]
[WhiteElo "2220"]
[BlackElo "2381"]
[PlyCount "75"]
[EventDate "2022.07.19"]
[EventType "swiss (blitz)"]
[EventRounds "11"]
[EventCountry "USA"]
[SourceTitle "EXT 2023"]
[Source "ChessBase"]
[SourceDate "2022.10.05"]
[SourceVersion "1"]
[SourceVersionDate "2022.10.05"]
[SourceQuality "1"]

1. d4 d5 2. c4 e6 3. Nc3 Nf6 4. Nf3 c6 5. g3 Nbd7 6. Bg2 dxc4 7. 0-0 Be7 8. e4 0-0 9. e5 Nd5 10. Ne4 b5 11. Bg5 h6 12. Bxe7 Qxe7 13. Nd6 a5 14. Nd2 Ba6 15. a3 N7b6 16. Re1 Nc8 17. N2e4 Ndb6 18. Nxc8 Raxc8 19. f4 Nd7 20. Nd6 Rc7 21. f5 exf5 22. Nxf5 Qg5 23. Qf3 Rd8 24. h4 Qd2 25. Rad1 Qxb2 26. Qg4 g6 27. Nxh6+ Kh7 28. Nxf7 Rf8 29. e6 Nf6 30. Qf4 Rcxf7 31. exf7 Rxf7 32. Re6 Qb3 33. Rf1 Bc8 34. Rxf6 Re7 35. Rf7+ Rxf7 36. Qxf7+ Kh6 37. Qf8+ Kh7 38. Rf7# 1-0

[Event "Titled Tuesday intern op 19th Jul Late"]
[Site "Chess.com INT"]
[Date "2022.07.19"]
[Round "1"]
[White "Suleymanli, Aydin Elshan"]
[Black "Debray, Christopher"]
[Result "1-0"]
[WhiteElo "2541"]
[BlackElo "2381"]
[PlyCount "57"]
[EventDate "2022.07.19"]
[EventType "swiss (blitz)"]
[EventRounds "11"]
[EventCountry "USA"]
[SourceTitle "EXT 2023"]
[Source "ChessBase"]
[SourceDate "2022.10.05"]
[SourceVersion "1"]
[SourceVersionDate "2022.10.05"]
[SourceQuality "1"]

1. e4 e5 2. Nf3 Nf6 3. d3 Nc6 4. g3 Bc5 5. Bg2 0-0 6. 0-0 d6 7. h3 h6 8. c3 Be6 9. b4 Bb6 10. a4 a5 11. b5 Ne7 12. Kh2 Ng6 13. Qe2 Re8 14. Be3 c6 15. c4 d5 16. c5 Bc7 17. b6 Bb8 18. Qc2 d4 19. Bc1 Qe7 20. Ba3 Nd7 21. Nbd2 f6 22. h4 Kh7 23. h5 Ngf8 24. Nh4 Qf7 25. Bf3 f5 26. exf5 Bxf5 27. Nxf5 Qxf5 28. Be4 Qxe4 29. Nxe4 1-0

[Event "Titled Tuesday intern op 19th Apr Late"]
[Site "Chess.com INT"]
[Date "2022.04.19"]
[Round "2"]
[White "Debray, Christopher"]
[Black "Tsukerman, Julia"]
[Result "1-0"]
[WhiteElo "2378"]
[BlackElo "1523"]
[PlyCount "37"]
[EventDate "2022.04.19"]
[EventType "swiss (blitz)"]
[EventRounds "11"]
[EventCountry "USA"]
[SourceTitle "EXT 2023"]
[Source "ChessBase"]
[SourceDate "2022.10.05"]
[SourceVersion "1"]
[SourceVersionDate "2022.10.05"]
[SourceQuality "1"]

1. e4 c5 2. Nf3 d6 3. c3 Nf6 4. Bc4 e6 5. Qe2 Nc6 6. d4 cxd4 7. cxd4 d5 8. exd5 Nxd5 9. 0-0 Be7 10. Nc3 Nxc3 11. bxc3 0-0 12. Qe4 Qc7 13. Ng5 g6 14. Qh4 h5 15. Bb3 b5 16. g4 Bxg5 17. Bxg5 e5 18. gxh5 Bf5 19. Bf6 1-0

[Event "Titled Tuesday intern op 19th Apr Late"]
[Site "Chess.com INT"]
[Date "2022.04.19"]
[Round "3"]
[White "Taichman, Ori"]
[Black "Debray, Christopher"]
[Result "0-1"]
[WhiteElo "2298"]
[BlackElo "2378"]
[PlyCount "123"]
[EventDate "2022.04.19"]
[EventType "swiss (blitz)"]
[EventRounds "11"]
[EventCountry "USA"]
[SourceTitle "EXT 2023"]
[Source "ChessBase"]
[SourceDate "2022.10.05"]
[SourceVersion "1"]
[SourceVersionDate "2022.10.05"]
[SourceQuality "1"]

1. e4 c6 2. d4 d5 3. e5 c5 4. dxc5 e6 5. a3 Bxc5 6. Nf3 f5 7. b4 Bb6 8. Bg5 Ne7 9. h4 a5 10. Nc3 axb4 11. axb4 Rxa1 12. Qxa1 h6 13. Bd2 0-0 14. Bd3 Nbc6 15. Ne2 Bc7 16. b5 Na5 17. h5 Nc4 18. Bb4 Ba5 19. Bxa5 Qxa5+ 20. Qxa5 Nxa5 21. Rh4 Bd7 22. Ra4 b6 23. Nf4 Rc8 24. Nd4 Kf7 25. Kd2 g5 26. hxg6+ Nxg6 27. Nxg6 Kxg6 28. Ne2 Kf7 29. Rh4 Kg7 30. Nf4 Nc4+ 31. Bxc4 Rxc4 32. Nh5+ Kg6 33. Rxc4 dxc4 34. Nf4+ Kf7 35. Kc3 Bxb5 36. Kb4 Ba6 37. c3 Ke7 38. Ne2 Kf7 39. Nf4 Ke7 40. Nh5 Kf7 41. Nf6 f4 42. Ne4 Kg6 43. Nd6 h5 44. Ne8 h4 45. Nc7 Kf5 46. f3 Bb7 47. Kxc4 Bxf3 48. Ne8 Bxg2 49. Kd4 h3 50. Nd6+ Kg4 51. Ne8 h2 52. Nf6+ Kg5 53. Nh7+ Kh6 54. Nf8 h1Q 55. Nxe6 f3 56. Kd5 f2+ 57. Kd6 f1Q 58. c4 Qd1+ 59. Ke7 Qh4+ 60. Ke8 Bh3 61. c5 Bxe6 62. cxb6 0-1

[Event "Titled Tuesday intern op 08th Mar Late"]
[Site "Chess.com INT"]
[Date "2022.03.08"]
[Round "11"]
[White "Debray, Christopher"]
[Black "Hambleton, Aman"]
[Result "1-0"]
[WhiteElo "2371"]
[BlackElo "2454"]
[PlyCount "69"]
[EventDate "2022.03.08"]
[EventType "swiss (blitz)"]
[EventRounds "11"]
[EventCountry "USA"]
[SourceTitle "CBM 207 Extra"]
[Source "ChessBase"]
[SourceDate "2022.05.31"]
[SourceVersion "1"]
[SourceVersionDate "2022.05.31"]
[SourceQuality "1"]

1. d4 Nf6 2. Nf3 e6 3. c4 b6 4. Nc3 Bb7 5. Bf4 Bb4 6. Qb3 a5 7. a3 a4 8. Qc2 Bxc3+ 9. Qxc3 d6 10. e3 0-0 11. Bd3 Ne4 12. Qc2 f5 13. 0-0 Nd7 14. Nd2 e5 15. Bg3 Nxd2 16. Qxd2 exd4 17. exd4 Qf6 18. f3 Qxd4+ 19. Bf2 Qf6 20. Rfe1 Rae8 21. Bc2 Bc6 22. Bd4 Qf7 23. Qc3 h6 24. b3 axb3 25. Bxb3 Nc5 26. Bc2 Qg6 27. Kf2 Ne6 28. Be3 Qh5 29. Kg1 Kh8 30. a4 f4 31. Bd2 Ng5 32. Rxe8 Rxe8 33. Bxf4 Re2 34. Re1 Rxe1+ 35. Qxe1 1-0